E Before I, Not After C Quiz Stats

 Plays Quiz Updated Dec 27, 2014

Score 0/24 Timer 06:00
2 Plays Today
Definition Word % Correct
A cardinal number, seven plus oneEight
95.8%
A person who lives near anotherNeighbor
92.8%
Usually derived from coffee or tea, used as a stimulantCaffeine
92.2%
The doctrine or belief that there is no GodAtheism
91%
One or the other of twoEither
88.5%
The distance between the lowest and highest points of a person standing uprightHeight
87.8%
A horse-drawn sledSleigh
87.6%
A form of the possessive case of They, used as an attributive adjectiveTheir
87.4%
Not the one or the other of twoNeither
86.3%
A Japanese woman trained as a professional singer, dancer and companion for menGeisha
85.6%
A person entitled to inherit the rank, title or position of anotherHeir
81.6%
One of the system of branching vessels or tubes conveying blood from various parts of the body to the heartVein
81.1%
Definition Word % Correct
To determine the force gravitation exerts upon a person or thing by use of a scaleWeigh
79.5%
Very light brown, as of undyed woolBeige
74.9%
A god or goddess, the estate or rank of a godDeity
74.2%
An optical instrument in which bits of glass, held loosely at the end of a rotating tube, are shown in continually changing symmetrical formsKaleidoscope
74.1%
A robbery or holdupHeist
73.4%
Derived from another country or nationForeign
73.2%
A four-sided top used on HanukkahDreidel
72.4%
Royal rule or authorityReign
69.7%
Goods or cargo transported for payFreight
67.7%
Fantastic, bizarreWeird
61%
Considered as a food source supplying essential amino acids to the bodyProtein
60.1%
The formation of a word, as cuckoo or boom, by imitation of a sound Onomatopoeia
51.2%

You're not logged in!

Compare scores with friends on all Sporcle quizzes.
OR
Log In

Sporcle TV

Today on Sporcle TV


Watch our educational content, quiz creation guides, and fun videos on Sporcle TV.

Show Comments

Extras

Top Quizzes Today


Score Distribution

Your Account Isn't Verified!

In order to create a playlist on Sporcle, you need to verify the email address you used during registration. Go to your Sporcle Settings to finish the process.

Report this User

Report this user for behavior that violates our Community Guidelines.

Details: